Представление документа в формате RUSMARC

ПолеНазваниеЗначение
  Тип записи a
  Библиографический уровень m
001 Контрольный номер UONB/MAIN/f369f7df8fb247679fab0dac74abec75
005 Дата корректировки 20260601122729.8
010 Индекс ISBN __
9 Тираж 100000 экз.
100 Данные общей обработки __
a Данные общей обработки 20260601d1984 u u0rusy0189 ca
101 Язык документа 1_
a Язык текста rus
c Язык оригинала pol
102 Страна публикации __
a Страна публикации RU
105 Кодированные данные (монография) __
a Кодированные данные (монография) y z 000yy
200 Заглавие и сведения об ответственности 1_
a Заглавие Размышления о человеке
f Первые сведения об ответственности Т. М. Ярошевский
e Сведения, относящиеся к заглавию марксистская концепция личности и принципы социального гуманизма
e Сведения, относящиеся к заглавию перевод с польского
g Последующие сведения об ответственности послесловие А. Г. Мысливченко, П. Ф. Казина
203 Вид содержания и тип средства __
a Вид содержания Текст
b Характеристика содержания визуальный
c Тип средства непосредственный
210 Выходные данные 1_
a Место издания Москва
c Издательство Политиздат
d Дата издания 1984
215 Физическое описание __
a Объем 198 с.
d Формат 16 см
225 Серия 1_
a Серия Над чем работают, о чем спорят философы
300 Общие примечания __
a Общие примечания Пер. изд.: Traktat o naturze ludzkiej / Tateusz M. Jaroszewski (Warszawa, 1980)
606 Тематические рубрики 0_
a Основная рубрика Человек
x Основная подрубрика Философские проблемы
606 Тематические рубрики 0_
a Основная рубрика Социалистический гуманизм
610 Ключевые слова 0_
a Ключевые слова человек философские проблемы; философские проблемы человека; социалистический гуманизм; марксистская концепция личности
686 Индексы других классификаций __
a Классификационный индекс 87.216
2 Код системы rubbk
700 Автор _1
a Фамилия Ярошевский
b Имя (инициалы) Т. М.
g Полное личное имя Тадеуш М.
702 Вторичная интеллектуальная ответственность _1
a Фамилия Мысливченко
b Имя (инициалы) А. Г.
4 Код отношения 080
702 Вторичная интеллектуальная ответственность _1
a Фамилия Казина
b Имя (инициалы) П. Ф.
4 Код отношения 080
801 Источник записи _0
a Страна RU
b Организация Ульяновская ОНБ
c Дата составления 20260601
g Правила каталогизации RCR
801 Источник записи _1
a Страна RU
b Организация Ульяновская ОНБ
c Дата составления 20260601
g Правила каталогизации RCR
901 Тип документа __
t Тип документа m
909 Создатель записи __
a Создатель записи Седова
b Дата создания записи 20260601